| 000 | 00872nam a22002897a 4500 | ||
|---|---|---|---|
| 003 | CHAP | ||
| 005 | 20220329135058.0 | ||
| 008 | 971013s1944 r 00010 d | ||
| 010 | _a30575 | ||
| 011 | _a31547 | ||
| 035 | _a35659 | ||
| 040 | _cCHAP | ||
| 082 |
_a632 _bM37 |
||
| 100 | 0 | 0 |
_aMarchionatto, Juan Bautista. _971275 |
| 245 | _aManual de las enfermedades de las plantas | ||
| 260 |
_aBuenos Aires : _bEd. Sudamericana, _c1944 |
||
| 300 |
_a368 p. _b: ilus |
||
| 590 |
_aBATCH-UPD _b10 _c20130109 _lUCH01 _h2315 |
||
| 590 |
_aBATCH-UPD _b10 _c20130110 _lUCH01 _h2009 |
||
| 590 |
_aBATCH-UPD _b10 _c20130410 _lUCH01 _h1328 |
||
| 590 |
_aBATCH-UPD _b10 _c20130914 _lUCH01 _h1413 |
||
| 590 |
_aCONVERSION _b10 _c20130109 _lUCH01 _h1317 |
||
| 650 | 1 | 4 |
_aFitopatología. _941161 |
| 901 | _aBK | ||
| 942 | _cLIBRO | ||
| 949 |
_a632 M37 _bBC _cMUT _d-82519 _eMUT _h27661 _i35659 _si |
||
| 999 |
_c30575 _d30575 |
||